Les Americques Quiz Stats

Quiz not verified by Sporcle

Also try: Big State Bonanza
Challenge
Share
Tweet
Score 0/6 Timer 04:00
0 Plays Today
% Correct
Le Québec
75%
Le Haïti
37.5%
La Martinique
37.5%
Le Guadeloupe
25%
Le Saint Pierre et Miquelon
12.5%
La Guyane Française
12.5%

You're not logged in!

Compare scores with friends on all Sporcle quizzes.
Join for Free
OR
Log In

You Might Also Like...

Show Comments

Extras

Created Mar 12, 2010ReportNominate

Top Quizzes Today


Score Distribution

Your Account Isn't Verified!

In order to create a playlist on Sporcle, you need to verify the email address you used during registration. Go to your Sporcle Settings to finish the process.

Report this User

Report this user for behavior that violates our Community Guidelines.

Details: